Aplikácia metódy data envelopment analysis

Popis použitia metódy DEA a poukázanie na jej aplikáciu pri predikcii bankrotu podnikov, a teda pri hodnotení ich úverovej schopnosti.

Guardado en:
Detalles Bibliográficos
Autor principal: Thiessen, Alžbeta, 1988-
Formato: Capítulo de libro
Lenguaje:eslovaco
Materias:
Etiquetas: Agregar Etiqueta
Sin Etiquetas, Sea el primero en etiquetar este registro!

MARC

LEADER 00000naa$a2200000$$$4500
001 0196830
005 20240502073322.5
041 0 |a slo 
044 |a SK 
245 1 0 |a Aplikácia metódy data envelopment analysis  |c Alžbeta Thiessen 
520 |a Popis použitia metódy DEA a poukázanie na jej aplikáciu pri predikcii bankrotu podnikov, a teda pri hodnotení ich úverovej schopnosti. 
610 2 0 |a podnik 
610 2 0 |a banky 
610 2 0 |a banka-podnik 
610 2 0 |a riziko úverové 
610 2 0 |a metódy 
100 1 |a Thiessen, Alžbeta, 1988-